000 00501nam a2200181Ia 4500
005 20250508152935.0
008 008 250505s9999 xx 000 0 hin d
037 _aTextual
040 _aFEDL
_beng
_cFEDL
041 _ahin
_2eng
084 _a294.3, NAR
_qFEDL
100 _aNarender Dev
_9406897
245 0 _aBoddh dharam darshan
260 _aPatna, India
_bBihar - Rastra Bhasha - Parishad
_c1956
300 _a616p.
942 _cTEXL
_h294.3, NAR
999 _c1339713
_d1339713